000 00731nas a2200241 4500
001 BR8200464
003 BR-BrBNA
005 20231205085006.0
007 ta
008 230509b bl.|||p| |||| 00| 00por d
040 _aBR-BrBNA
_bpor
_cBiblioteca Nacional de Agricultura
041 _a(Pt)
072 _aP12
100 1 _aCruciani, D.E.
100 1 _aGodoy, R.
245 1 _aEstudos do lencol freatico em problemas de drenagem
246 1 _aWater table investigations in drainage problems
650 _aDrenagem
650 _aLencol freatico
773 0 _tRevista de Agricultura (Brazil)
_xISSN 0034-7655
_g(Nov 1981), v. 56(3) p. 115-126
_wBR8200464
909 _a202311
_bLúcia
_c55
_dLúcia Elande
942 _2AGRIS
_n0
_cANA
999 _c108562
_d108562